Evaluación analítica de los requerimientos del Código Sísmico de Costa Rica del 2002 para sistemas y componentes no estructurales
Kaydedildi:
| Yazar: | |
|---|---|
| Materyal Türü: | Kitap |
| Baskı/Yayın Bilgisi: |
[San José, Costa Rica]
2006
|
| Konular: | |
| Etiketler: |
Etiketle
Etiket eklenmemiş, İlk siz ekleyin!
|
MARC
| LEADER | 00000nam a2200000Ia 4500 | ||
|---|---|---|---|
| 003 | 009608 | ||
| 005 | 20221231144127.0 | ||
| 008 | 140114s2006 cr a m 000 ||s d | ||
| 040 | |c cru CEDI | ||
| 090 | |a TFG 5149 | ||
| 100 | |a Quesada González, William |9 5841 | ||
| 245 | |a Evaluación analítica de los requerimientos del Código Sísmico de Costa Rica del 2002 para sistemas y componentes no estructurales | ||
| 260 | |c 2006 |a [San José, Costa Rica] | ||
| 300 | |a xiv, 103 hojas : ilustraciones a color | ||
| 500 | |a Tesis (licenciatura en ingeniería civil)--Universidad de Costa Rica. Escuela de Ingeniería Civil | ||
| 650 | |x CODIGO SISMICO |x COSTA RICA |x COSTA RICA |x CONSTRUCCIONES ANTISISMICAS |x DISEÑO DE ESTRUCTURAS |x VIBRACION (INGENIERIA) |x ESTABILIDAD DE ESTRUCTURAS |9 5842 | ||
| 942 | |c TFG | ||
| 999 | |c 17274 |d 17274 | ||
